000 00617nam a2200181Ia 4500
008 090124s9999 xx 000 0 und d
082 _b39705
100 _aवकील व्य़ंकटेश
245 _a श्रीतुलसीरामायण
250 _a0
260 _bरम्यकथा प्रकाशन
_c1966
300 _a264
600 _aवकील व्य़ंकटेश
630 _a श्रीतुलसीरामायण
700 _aवकील व्य़ंकटेश
730 _a श्रीतुलसीरामायण
942 _cBOOK
999 _c105886
_d105886